| 000 | 00981cam a22002531i 4500 | ||
|---|---|---|---|
| 003 | SA-RiAUC | ||
| 005 | 20250421094752.0 | ||
| 008 | 241221s1950 ua g 000 0 ara c | ||
| 040 |
_aSA-JeALM _bara _cSA-RiAUC _erda |
||
| 082 | 0 | 4 | _a243 |
| 090 |
_aن 243 _b ك و ث |
||
| 100 | 1 |
_aالكوثري، محمد زاهد بن الحسن، _d1879-1952 _eمؤلف. |
|
| 245 | 1 | 0 |
_aمحق التقول في مسألة التوسل / _cمحمد زاهد الكوثري. |
| 264 | 1 |
_a[مكان النشر غير محدد] : _b[الناشر غير محدد]، _c[1950] |
|
| 264 | 3 |
_aالقاهرة : _bمطبعة الأنوار |
|
| 300 |
_a18 صفحة؛ _c24 سم. |
||
| 336 |
_aنص _btxt _2rdacontent _3كتاب |
||
| 337 |
_aبدون وسيط _bn _2rdamedia |
||
| 338 |
_aمجلد _bnc _2rdacarrier |
||
| 500 | _aاهداء من المؤلف بتاريخ 10 / 10 / 1373 هـ | ||
| 650 | 7 |
_aالتوسل _2aucsh |
|
| 942 |
_2ddc _cBOOK _n0 |
||
| 949 |
_aSA-JeALM _d241221 _uosman123 _n1 |
||
| 999 |
_c7283 _d7283 |
||